Teora̕ de grafos en la vida real. Presentacin̤. Introduccin̤ histr̤ica. ♭UPV

S0.1- Introduccin̤ histr̤ica | | UPV

Guardado en:
Detalles Bibliográficos
Otros Autores: Canal Universitat Politc̈nica de Valn̈cia UPV / YouTube
Formato: Libro
Lenguaje:español
Materias:
Acceso en línea:Teora̕ de grafos en la vida real. Presentacin̤. Introduccin̤ histr̤ica. ♭UPV
Etiquetas: Agregar Etiqueta
Sin Etiquetas, Sea el primero en etiquetar este registro!

MARC

LEADER 00000nam a22000004a 4500
001 vpro7809
005 20201223000000.0
008 140528s2014 ck # g## #001 0#spa#d
020
022
040 |a CO-BoINGC 
041 0 |a spa 
245 1 0 |a Teora̕ de grafos en la vida real. Presentacin̤. Introduccin̤ histr̤ica. ♭UPV 
246 |a Graph Theory in Real Life. Presentation. Historical Introduction. ♭UPV 
264 |a Bogot ̀(Colombia) :  |b Revista VirtualPRO,  |c 2014 
520 3 |a S0.1- Introduccin̤ histr̤ica | | UPV 
650 \ \ |a Botǹica 
650 \ \ |a Botany 
650 \ \ |a ciencias de la administracin̤ 
650 \ \ |a investigacin̤ de operaciones 
650 \ \ |a teora̕ de grafos 
650 \ \ |a management sciences 
650 \ \ |a operations research 
650 \ \ |a graph theory  
700 \ \ |a Canal Universitat Politc̈nica de Valn̈cia UPV / YouTube 
856 |z Teora̕ de grafos en la vida real. Presentacin̤. Introduccin̤ histr̤ica. ♭UPV  |u https://virtualpro.unach.elogim.com/biblioteca/teoria-de-grafos-en-la-vida-real-presentacion-introduccion-historica-upv